• 首页
  • 本馆介绍
  • 公告通知
  • 最新文献
  • 馆藏检索
  • 电子资源
  • 读者导购
  • 参考咨询
  • 我的图书馆
  • 登录
  • 详细信息显示
  • 放入我的书架
  • 预约/预借图书
  • 作者相关作品
  • 分类相关作品
  • 丛书相关作品
  • 出版社相关作品

书目信息

  • 表格格式
  • 工作单格式
  • 卡片格式
题名:
平版照相技术问答
    
 
作者: ;李善武 编
分册:  
出版信息: 北京   印刷工业出版社  1983
页数: 124页
开本: 19cm
丛书名:
单 册:
中图分类: TS823
科图分类:
主题词: 平版印刷
电子资源:
ISBN:
000 00627nam0 2200241 45
001 0183005342
005 20040518144126.8
010    @dCNY0.35
091    @a15266.014
100    @a19950306d1983 emky0chiy0121 ea
101 0  @achi
102    @aCN@b110000
105    @ay z 000yy
106    @ar
200 10 @a平版照相技术问答@Aping ban zhao xiang ji shu wen da@f李善武编
210    @a北京@c印刷工业出版社@d1983
215    @a124页@d19cm
606 0  @a平版印刷
690    @aTS823
702  0 @a李善武@Ali shan wu@4编
801  0 @aCN@b上海图书馆@c20040518
801  2 @aCN@bNLC@c20040518
905    @f2@b148751-752@dTS823@e12
    
    平版照相技术问答/李善武编.-北京:印刷工业出版社,1983
    124页;19cm
    
    
    ISBN :CNY0.35
    
●
相关链接 在E读中查询图书 在五车中查询图书 在当当中查询图书 在豆瓣中查询图书


正题名:平版照相技术问答     索取号:TS823/12         预约/预借

序号 登录号 条形码 馆藏地/架位号 状态 备注
1 0148751   001479590   密集书库/ [索取号:TS823/12] 在馆    
2 0148752   001479607   第三借阅区/ [索取号:TS823/12] 在馆    
3 0148753   001479536   第二样本阅览室/ [索取号:TS823/12] 在馆    
唐山师范学院图书馆 欢迎您!
大连网信软件有限公司© 版权所有